Statistiken für Arten von Kopfbedeckungen

Klicken Sie hier um das Quiz zu spielen!

Allgemein

  • Dieses Quiz wurde 118 mal gespielt
  • Das Durchschnittsergebnis liegt bei 5 aus 12

Antwortstatistiken

Kopfbedeckung% Korrekt
Hut
99%
Mütze
93%
Kappe
89%
Kopftuch
74%
Helm
65%
Krone
32%
Kapuze
20%
Perücke
19%
Haarreif
15%
Kopfhörer
12%
Gehörschutz
5%
Ohrenschützer
5%

Verteilung der Resultate

Perzentil nach korrekt beantworteten Fragen

Anzahl Personen mit jedem Resultat

Ihre Resultats-Entwicklung

Sie haben dieses Quiz noch nicht gespielt